ბათუმის შოთა რუსთაველის სახელმწიფო უნივერსიტეტის ბიბლიოთეკა

Растениеводство (ბიბ.ჩანაწერი № 45668)

000 -LEADER
fixed length control field 00561nam a2200217Ia 4500
001 - CONTROL NUMBER
control field 12494
003 - CONTROL NUMBER IDENTIFIER
control field GE_BSU
008 - FIXED-LENGTH DATA ELEMENTS--GENERAL INFORMATION
fixed length control field 181216s||||||||xx |||||||||||||| ||und||
040 ## - CATALOGING SOURCE
Transcribing agency GE_BSU
080 ## - UNIVERSAL DECIMAL CLASSIFICATION NUMBER
Universal Decimal Classification number 633(075.32)
100 ## - MAIN ENTRY--PERSONAL NAME
Personal name Пруцков,Ф.М. Рубцова,В.П.
245 ## - TITLE STATEMENT
Title Растениеводство
245 ## - TITLE STATEMENT
Statement of responsibility, etc. Ред.В.С.Грачева
260 ## - PUBLICATION, DISTRIBUTION, ETC.
Place of publication, distribution, etc. Москва
260 ## - PUBLICATION, DISTRIBUTION, ETC.
Name of publisher, distributor, etc. Колос
260 ## - PUBLICATION, DISTRIBUTION, ETC.
Date of publication, distribution, etc. 1964
300 ## - PHYSICAL DESCRIPTION
Extent 525стр.илл.
300 ## - PHYSICAL DESCRIPTION
Accompanying material Приложение
653 ## - INDEX TERM--UNCONTROLLED
Uncontrolled term Растениеводство
942 ## - ADDED ENTRY ELEMENTS (KOHA)
Koha item type წიგნი
ეგზემპლარები
Withdrawn status Lost status Damaged status Not for loan Date acquired Barcode Date last seen Price effective from Koha item type
        2018-12-17 20667 2018-12-17 2018-12-17 წიგნი
        2018-12-17 20668 2018-12-17 2018-12-17 წიგნი
        2018-12-17 20669 2018-12-17 2018-12-17 წიგნი
        2018-12-17 20670 2018-12-17 2018-12-17 წიგნი